|
|
|
|
| LEADER |
00647cam a2200181 7i4500 |
| 001 |
0000045531 |
| 005 |
20130319090000.0 |
| 020 |
|
|
|a 9797814866 (pbk.)
|
| 020 |
|
|
|a 9789797814861 (pbk.)
|
| 090 |
0 |
0 |
|a JQ779.A558
|b B38 2006
|
| 100 |
1 |
|
|a Baso, Ahmad
|
| 245 |
1 |
0 |
|a NU studies :
|b pergolakan pemikiran antara fundamentalisme Islam & fundamentalisme noe-liberal
|c Ahmad Baso ; editor, Sayed Mahdi.
|
| 260 |
|
|
|a Jakarta:
|b Erlangga,
|c 2006.
|
| 300 |
|
|
|a xxi, 510 p.;
|c 23 cm.
|
| 650 |
0 |
0 |
|a Islam --
|x Societies, etc --
|z Indonesia
|
| 700 |
1 |
|
|a Mahdi, Sayed
|
| 997 |
|
|
|a Centre for Graduate Studies
|
| 999 |
|
|
|a 0000051533
|b BOK
|c OPEN SHELF
|e 1st Floor, Shah Alam
|